000
00240nam a2200097Ia 4500
008
240331s9999 xx 000 0 und d
082
_b
TWO
100
_a
Muthiah,W. ed
245
0
_a
Two languages one nation one language two nations
942
_c
L
999
_c
4519
_d
4519